| 000 | 00463nam a22001577a 4500 | ||
|---|---|---|---|
| 005 | 20251108171120.0 | ||
| 008 | 250721s1988 xx 000 0 ara d | ||
| 082 | 1 | 4 | _a214.2/محم |
| 100 | 1 | _aرضا، محمد رشيد | |
| 245 | 1 | 0 | _aالوحي المحمدي / |
| 264 | 1 |
_aالقاهرة : _bالزهراء للإعلام العريب، _c1988. |
|
| 300 | _a243ص. | ||
| 650 | 1 | 7 | _aأصول الدين الإسلامي |
| 942 |
_2ddc _cBK |
||
| 999 |
_c57010 _d57010 |
||